000
00291nam a2200109 4500
008
180208b xxu||||| |||| 00| 0 eng d
245
_a
New anti-HIV vaccine presented.
260
_a
Philippines:
_b
Manila Bulletin,
_c
c2016.
300
_a
page 5.
650
0
_9
26270
_a
AIDS/HIV.
942
_2
ddc
_c
PER
999
_c
8502
_d
8502